000 02153cam a22005054i 4500
003 PE-LiUPU
005 20250731165641.0
008 150616s r 000 0 d
035 _a(Sirsi) a7166
035 _a(Sirsi) a7166
040 _aPE-LiUPU
_bspa
_cPE-LiUPU
_erda
049 _aPRUA
082 0 4 _a933.008
_bA
_221
100 1 _aSwauger, James L.,
_eautor.
245 1 4 _aThe Excavation of Bethel (1934-1960).
_n39.
264 1 _aCambridge, Londres :
_bAmerican Schools of Oriental Research,
_c1968.
300 _a128 páginas; 120 láms. :
_bilustraciones ;
_c26 cm.
336 _atext
_2rdacontent
337 _aunmediated
_2rdamedia
338 _avolume
_2rdacarrier
490 0 _aThe Annual of the American Schools of Oriental Research ;
_v39
505 0 _aThe Middle Bronze Ages. Bethel in the Late Bronze Age. Bethel in Iron. Bethel in the Persian and Hellenistic Periods. Bethel in the Roman and Byzantine Periods. The History of Bethel. Bethel Pottery in Iron. Bethel Pottery of the Sixth Century. Bethel Pottery of the Late Hellenistic and Early Roman Periods. Bethel Roman and Byzantine Pottery from the Mosque Area, 1954. Bethel Artifacts other than Pottery. Bethel Flints fron Early Canaan.
526 _aSEG44
526 _aSEG26
526 _aP151
526 _aP150
526 _aP149
526 _aP146
526 _aP145
526 _aP126
526 _aP125
526 _aP92
526 _aP75
526 _aP74
526 _aP27
526 _aP15
651 _aBethel
_xArqueología.
910 _ajck
_bjvq
_cjck
942 _2ddc
_cBOOK
949 _aRC 933.008 A 39
_wDEWEY
_c1
_i40595
_lRC
_mBUL
_r0
_sY
_tBOOK
_u2015-6-16
_xTEOLOGIA
_zUNKNOWN
_0COMPRA
_o.CIRCNOTE. No olvidar cambiar la fecha de devolución!!!!!!!
_o.STAFF. Colección General
994 _aC0
_bPEPRU
596 _a1
999 _aRC 933.008 A 39
_wDEWEY
_c58379
_i40595
_f2021-11-8
_g6
_lCCODEBUL1
_mBUL
_r1
_sY
_tBOOK
_u2015-6-16
_xTEOLOGIA
_zUNKNOWN
_0COMPRA
_o.CIRCNOTE. No olvidar cambiar la fecha de devolución!!!!!!!
_o.STAFF. Colección General
_d58379
980 _81
_gALBERTO SANCHEZ Responsable de Automatización